000 00435nam a2200145Ia 4500
008 240729s9999 xx 000 0 und d
022 _a2502-8588
245 0 _aINSIST (International Series on Integrated Science and Technology)
260 _aIndonesia
260 _bLPPM, Universitas Lampung
650 _aTechnology | Science
856 _uhttps://doaj.org/toc/074d709f051d4842808ac83db532e683
942 _2ddc
942 _cDOAJEJ
999 _c70330
_d70330
945 _a1
_bMadushi Gamage
_c1
_dMadushi Gamage